[Event "2011 SC Site Championship, Pre Round, Round 2"]
[Site "SchemingMind.com"]
[Date "2010.11.11"]
[Round "2"]
[White "Frankygolucky"]
[Black "pclaxton"]
[Result "1-0"]
[WhiteCountry "GBR"]
[BlackCountry "ENG"]
[WhiteElo "1875"]
[WhiteRD "93"]
[BlackElo "1359"]
[BlackRD "60"]
[GameID "266080"]

1. d4 d6 2. c4 e5 3. dxe5 dxe5 4. Qxd8+ Kxd8 5. Nf3 f6 6. Nc3 Nc6 7. a3 Bg4 8. e3 Ke8 9. Be2 Na5 10. b4 Nb3
11. Rb1 Nxc1 12. Rxc1 b6 13. O-O c5 14. Nb5 cxb4 15. Rfd1 bxa3 16. Nc7+ Kf7 17. Nxa8 Bf5 18. Nc7 Ne7 19. Nb5 a6 20. Nxa3 Nc6
21. Nb1 Na5 22. Nfd2 Bb4 23. Bf3 Rc8 24. Bd5+ Kf8 25. e4 Bd7 26. Nc3 b5 27. cxb5 axb5 28. Na2 Bxd2 29. Rxc8+ Bxc8 30. Rxd2 Ke7
31. Nb4 g5 32. Nc6+ Nxc6 33. Bxc6 h5 34. Bxb5 Ke6 35. h4 g4 36. Be8 Ke7 37. Bxh5 Kf8 38. Rd8+ Ke7 39. Rxc8 Kd7 40. Bxg4+ Ke7
41. Bf5 Kd6 42. h5 Ke7 43. h6 Kf7 44. h7
1-0

[Event "2011 SC Site Championship, Pre Round, Round 2"]
[Site "SchemingMind.com"]
[Date "2010.11.08"]
[Round "2"]
[White "Girkassa"]
[Black "Aumonde"]
[Result "1-0"]
[WhiteCountry "NOR"]
[BlackCountry "USA"]
[WhiteElo "2104"]
[WhiteRD "81"]
[BlackElo "2197"]
[BlackRD "71"]
[GameID "266081"]

1. d4 Nf6 2. c4 e5 3. dxe5 Ne4 4. a3 d6 5. Nf3 Nc6 6. Qc2 Bf5 7. Nc3 Nxf2 8. Qxf5 Nxh1 9. e6 f6 10. g4 g6
11. Qb5 Qc8 12. Nd4 a6 13. Qa4 Kd8 14. Nxc6+ bxc6 15. Qxc6 Rb8 16. Nd5 Be7 17. Bd2 f5 18. g5
1-0

[Event "2011 SC Site Championship, Pre Round, Round 2"]
[Site "SchemingMind.com"]
[Date "2010.11.06"]
[Round "2"]
[White "GM Mark"]
[Black "BishopVesey"]
[Result "1/2-1/2"]
[WhiteCountry "ENG"]
[BlackCountry "ENG"]
[WhiteElo "2576"]
[WhiteRD "248"]
[BlackElo "2376"]
[BlackRD "76"]
[GameID "266082"]

1. d4 Nf6 2. c4 e6 3. g3 c5 4. d5 exd5 5. cxd5 d6 6. Nc3 g6 7. Bg2 Bg7 8. Nf3 O-O 9. O-O Re8 10. Nd2 a6
11. a4 Nbd7 12. h3 Rb8 13. Nc4 Ne5 14. Na3 Nh5 15. e4 Rf8 16. Kh2 Bd7 17. Qe2 f5 18. f4 Qe7 19. fxe5 Nxg3 20. Kxg3 Bxe5+
21. Kf2 Qh4+ 22. Kg1 Qg3 23. Nc4 Qh2+=
1/2-1/2

[Event "2011 SC Site Championship, Pre Round, Round 2"]
[Site "SchemingMind.com"]
[Date "2010.11.07"]
[Round "2"]
[White "Granny Gambit"]
[Black "Fiesty 50"]
[Result "1-0"]
[WhiteCountry "ENG"]
[BlackCountry "ENG"]
[WhiteElo "2101"]
[WhiteRD "79"]
[BlackElo "2172"]
[BlackRD "104"]
[GameID "266083"]

1. d4 e6 2. c4 Nf6 3. Nc3 Bb4 4. Qc2 O-O 5. a3 Bxc3+ 6. Qxc3 b6 7. Bg5 Ba6 8. Nf3 d6 9. e3 Nbd7 10. Bd3 c5
11. O-O Rc8 12. Rfd1 h6 13. Bh4 Qc7 14. Rac1 Bb7 15. dxc5 Qxc5 16. Nd4 d5 17. Qe1 dxc4 18. Bxc4 Qh5 19. f3 g5 20. Bg3 g4
21. Nxe6 Rxc4 22. Nxf8
1-0

[Event "2011 SC Site Championship, Pre Round, Round 2"]
[Site "SchemingMind.com"]
[Date "2010.11.11"]
[Round "2"]
[White "Jaschin"]
[Black "madrugada"]
[Result "0-1"]
[WhiteCountry "GER"]
[BlackCountry "BEL"]
[WhiteElo "1343"]
[WhiteRD "75"]
[BlackElo "1856"]
[BlackRD "91"]
[GameID "266084"]

1. e4 e5 2. Nf3 Nc6 3. Bb5 a6 4. Ba4 Nf6 5. O-O Be7 6. Re1 b5 7. Bb3 O-O 8. c3 d6 9. h3 Nd7 10. d4 Bf6
11. a4 Bb7 12. axb5 axb5 13. Rxa8 Qxa8 14. d5 Na5 15. Bc2 Nc4 16. b3 Ncb6 17. Be3 Nc5 18. Bxc5 dxc5 19. Nbd2 b4 20. c4 c6
21. Qa1 Qxa1 22. Rxa1 Ra8 23. Rxa8+ Bxa8 24. Kh2 g6 25. g4 Bg7 26. Kg3 f6 27. h4 Bb7 28. g5 f5 29. exf5 gxf5 30. dxc6 f4+
31. Kg4 Bxc6 32. h5 Bh8 33. g6 hxg6 34. hxg6 Nc8 35. Be4 Be8 36. Kg5 Ne7= 37. Bd5+ Kf8 38. Nh4 Kg7 39. Nf5+ Nxf5 40. Kxf5 Bxg6+=
41. Kxe5 Kf8+
0-1

[Event "2011 SC Site Championship, Pre Round, Round 2"]
[Site "SchemingMind.com"]
[Date "2010.11.06"]
[Round "2"]
[White "jballinger44"]
[Black "Orhany24"]
[Result "0-1"]
[WhiteCountry "USA"]
[BlackCountry "TUR"]
[WhiteElo "1231"]
[WhiteRD "68"]
[BlackElo "1716"]
[BlackRD "64"]
[GameID "266085"]

1. e4 e5 2. Nf3 Nc6 3. d3 d5 4. Bg5 Be7 5. h4 Bg4 6. Nc3 dxe4 7. dxe4 Nf6 8. Nxe5 Bxd1 9. Rxd1 Qc8 10. Bc4 Nxe5
11. Nd5 Nxc4 12. Bf4 Bd6 13. g3 Bxf4 14. gxf4 O-O 15. Ne7+ Kh8 16. Nxc8 Raxc8 17. e5 Nh5 18. Rd5 Nxf4 19. Rd4 Rfe8 20. Kd1 Nxb2+
21. Kd2 Ne6 22. Rg4 Rcd8+ 23. Kc1 Rd1+ 24. Rxd1 Nxd1 25. Kxd1 g6 26. Ra4 a6 27. f4 Rd8+ 28. Kc1 Rd4 29. Ra5 Rxf4 30. Rd5 Rxh4
31. Rd7 Re4
0-1

[Event "2011 SC Site Championship, Pre Round, Round 2"]
[Site "SchemingMind.com"]
[Date "2010.11.11"]
[Round "2"]
[White "Sebastian Strauchler"]
[Black "krysto"]
[Result "1-0"]
[WhiteCountry "ARG"]
[BlackCountry "MEX"]
[WhiteElo "2203"]
[WhiteRD "106"]
[BlackElo "1779"]
[BlackRD "107"]
[GameID "266086"]

1. e4 e6 2. d4 d5 3. Nd2 dxe4 4. Nxe4 Bd7 5. Nf3 Bc6 6. Bd3 Nd7 7. Qe2 Ngf6 8. Bg5 Be7 9. Nxf6+ Bxf6 10. Bf4 O-O
11. O-O-O Bxf3 12. Qxf3 c6 13. g4 Qa5 14. Kb1 Qb4 15. c3 Qa5 16. h4 e5 17. Be3 exd4 18. cxd4 Nb6 19. g5 Be7 20. Qe4
1-0

[Event "2011 SC Site Championship, Pre Round, Round 2"]
[Site "SchemingMind.com"]
[Date "2010.11.09"]
[Round "2"]
[White "JPT"]
[Black "Baeron"]
[Result "0-1"]
[WhiteCountry "INT"]
[BlackCountry "SUI"]
[WhiteElo "1845"]
[WhiteRD "93"]
[BlackElo "2068"]
[BlackRD "95"]
[GameID "266087"]

1. e4 e6 2. Bb5 a6 3. Ba4 c5 4. c3 Nf6 5. d3 Be7 6. Nf3 O-O 7. Bg5 d5 8. e5 Nfd7 9. Bxe7 Qxe7 10. O-O d4
11. Re1 b5 12. Bc2 Nc6 13. Nbd2 Nb6 14. Re4 f5 15. exf6 Qxf6 16. c4 e5 17. Bb3 Kh8 18. Qe1 Bf5 19. Rc1 bxc4 20. Bxc4 Bxe4
21. Nxe4 Qe7 22. Bb3 Nb4 23. Qd1 Rac8 24. Nfg5 g6 25. h4 h6 26. Ne6 Rf5 27. Qg4 Kh7 28. h5 Rxh5 29. g3 Nxd3 30. Rc2 c4
31. Bxc4 Rxc4 32. Rxc4 Nxc4 33. Nf8+ Qxf8 34. Qd7+ Kh8 35. Qe6 Qf5 36. Qe7 Nd2 37. Qe8+ Kg7 38. Nf6 Qxf2#
0-1

[Event "2011 SC Site Championship, Pre Round, Round 2"]
[Site "SchemingMind.com"]
[Date "2010.11.06"]
[Round "2"]
[White "Arthur Wilding"]
[Black "The Capitalist"]
[Result "1/2-1/2"]
[WhiteCountry "WLS"]
[BlackCountry "USA"]
[WhiteElo "1310"]
[WhiteRD "74"]
[BlackElo "1459"]
[BlackRD "72"]
[GameID "266088"]

1. d4 d5 2. Nf3 Nf6 3. e3 e6 4. Nc3 c5 5. dxc5 Bxc5 6. Bb5+ Bd7 7. Bxd7+ Nbxd7 8. O-O h6 9. h3 a6 10. Ne2 O-O
11. b3 Qc7 12. c4 dxc4 13. bxc4 Rfd8 14. Qc2 Ne5 15. Bb2 Nxf3+ 16. gxf3 Ba7 17. Bxf6 gxf6 18. Nf4 b5 19. Nh5 Kf8 20. Nxf6 Qxc4
21. Qxc4 bxc4 22. Rac1 Kg7 23. Ne4 f5 24. Ng3 Rac8 25. Kh1 Kg6 26. Ne2 Rd2 27. Nf4+ Kf6 28. a4 Ra2 29. Ra1 Rxa1 30. Rxa1 c3
31. Rc1 Bb6 32. Ne2 Ba5 33. Rc2 Rc4 34. f4 Rxa4 35. Nxc3 Bxc3 36. Rxc3 Ra1+ 37. Kg2 a5 38. Kf3 a4 39. Ke2 a3 40. Kd2 h5
41. Kc2 Ra2+ 42. Kb1 Rxf2 43. Rxa3 Rf3 44. Ra8 Rxe3 45. Rf8+ Kg7 46. Re8 Re4 47. Kc2 Rxf4 48. Rxe6 Rh4 49. Re3 Kg6 50. Kd2 f4
51. Rf3 Kf5 52. Ke2 Ke4 53. Kf2 Kf5 54. Kg2 Ke4 55. Rf2 Ke3 56. Rf3+ Ke4 57. Rf2 f3+ 58. Kg3 Rf4 59. Rf1 h4+ 60. Kf2 Kf5
61. Rc1 Ke4 62. Re1+ Kf5 63. Rf1 Ke4 64. Re1+ Kf5=
1/2-1/2

[Event "2011 SC Site Championship, Pre Round, Round 2"]
[Site "SchemingMind.com"]
[Date "2010.11.11"]
[Round "2"]
[White "kynoceros"]
[Black "maro"]
[Result "1-0"]
[WhiteCountry "USA"]
[BlackCountry "MEX"]
[WhiteElo "1576"]
[WhiteRD "78"]
[BlackElo "1336"]
[BlackRD "56"]
[GameID "266090"]

1. e4 e5 2. Nf3 d5 3. exd5 e4 4. Qe2 Qxd5 5. Nc3 Qf5 6. Qxe4+ Qxe4+ 7. Nxe4 Be7 8. d4 Bf5 9. Bd3 Bxe4 10. Bxe4 Nf6
11. Bxb7 O-O 12. Bxa8 Bd6 13. O-O Na6 14. Bb7 Nb4 15. c3 Nc2 16. Rb1 Rb8 17. Bc6 h6 18. Rd1 Rb6 19. Ba4 Na3 20. Ra1 Nc4
21. b3 Na5 22. c4 Bb4 23. Be3 Ng4 24. Bf4 Bc3 25. Rac1 Bb2 26. Rc2 Ba3 27. Bxc7 Ra6 28. d5 Nb7 29. Rcd2 Nc5 30. d6 Ne4
31. d7 Ngxf2 32. d8=Q+ Kh7 33. Qe8 Nxd1 34. Rxd1 Bc5+ 35. Nd4 Re6 36. Qb5 Nc3 37. Qxc5 Nxd1 38. Nxe6
1-0

[Event "2011 SC Site Championship, Pre Round, Round 2"]
[Site "SchemingMind.com"]
[Date "2010.11.11"]
[Round "2"]
[White "lemme howdt"]
[Black "palaciorep"]
[Result "1-0"]
[WhiteCountry "USA"]
[BlackCountry "ARG"]
[WhiteElo "1623"]
[WhiteRD "75"]
[BlackElo "1643"]
[BlackRD "93"]
[GameID "266091"]

1. e4 e5 2. Nf3 Nc6 3. Bc4 Bc5 4. c3 Nf6 5. d4 exd4 6. cxd4 Bb4+ 7. Bd2 Bxd2+ 8. Nbxd2 d6 9. O-O O-O 10. Qb3 Na5
11. Qc3 Nxc4 12. Qxc4 a5 13. Rac1 c6 14. b3 Re8 15. Rfe1 d5 16. exd5 Rxe1+ 17. Rxe1 Nxd5 18. Ne4 Be6 19. Qd3 Nb4 20. Qd2 h6
21. Nc5 Qc8 22. a3 Nd5 23. Nxe6 fxe6 24. Ne5 b5 25. Qc2 Ra6 26. Qg6 Qc7 27. Qxe6+ Kh7 28. Qg6+ Kg8 29. g3 a4 30. b4 Nf6
31. Ng4 Nxg4 32. Re8#
1-0

[Event "2011 SC Site Championship, Pre Round, Round 2"]
[Site "SchemingMind.com"]
[Date "2010.11.06"]
[Round "2"]
[White "loco61"]
[Black "tyler_ensor"]
[Result "1-0"]
[WhiteCountry "ENG"]
[BlackCountry "CAN"]
[WhiteElo "1605"]
[WhiteRD "64"]
[BlackElo "1887"]
[BlackRD "67"]
[GameID "266092"]

1. e4 c5 2. Nf3 g6 3. Bc4 Bg7 4. c3 d6 5. O-O Nf6 6. d3 O-O 7. Be3 a6 8. Nbd2 b5 9. Bb3 Bb7 10. Re1 Nc6
11. Nf1 Rc8 12. Ng3 b4 13. Qd2 Ng4 14. h3 Nxe3 15. Rxe3 Qa5 16. Rc1 Na7 17. Ne2 Bh6 18. c4 Bxe3 19. Qxe3 e5 20. Qh6 Nc6
21. Ng5
1-0

[Event "2011 SC Site Championship, Pre Round, Round 2"]
[Site "SchemingMind.com"]
[Date "2010.11.07"]
[Round "2"]
[White "Clive Everill"]
[Black "pjl1015"]
[Result "0-1"]
[WhiteCountry "CZE"]
[BlackCountry "USA"]
[WhiteElo "1707"]
[WhiteRD "50"]
[BlackElo "2478"]
[BlackRD "112"]
[GameID "266094"]

1. e4 e5 2. Nc3 Nf6 3. f4 d5 4. fxe5 Nxe4 5. Qf3 f5 6. Nh3 Nc6 7. Bb5 Qh4+ 8. Kf1 Bc5 9. Bxc6+ bxc6 10. Nd1 Nxd2+
11. Bxd2 Ba6+
0-1

[Event "2011 SC Site Championship, Pre Round, Round 2"]
[Site "SchemingMind.com"]
[Date "2010.11.10"]
[Round "2"]
[White "madrugada"]
[Black "saxon"]
[Result "0-1"]
[WhiteCountry "BEL"]
[BlackCountry "GER"]
[WhiteElo "1866"]
[WhiteRD "92"]
[BlackElo "2448"]
[BlackRD "109"]
[GameID "266095"]

1. d4 Nf6 2. Nf3 e6 3. c4 b6 4. a3 Bb7 5. Nc3 d5 6. cxd5 Nxd5 7. Qc2 Nxc3 8. bxc3 c5 9. e4 Nc6 10. Bc4 cxd4
11. cxd4 Be7 12. O-O Nxd4 13. Nxd4 Qxd4 14. Bb2 Qc5 15. Bxg7 Rg8 16. Bb2 Rc8 17. Rac1 b5 18. Qb3 Rxg2+ 19. Kxg2 Bxe4+ 20. Kg1 bxc4
21. Qg3= Bd6 22. Qg4 Qf5 23. Qxf5 Bxf5 24. Bd4 Bd3 25. Rfd1 Ke7 26. f3 a5 27. Rc3 Rg8+ 28. Kh1 e5 29. Re1 Ke6 30. Bxe5 Bxe5
31. f4 f6 32. fxe5 fxe5 33. Re3 Kd5 34. Rcxd3+ cxd3 35. Rxd3+ Kc4 36. Re3 Kd4 37. Rh3 Rg7 38. Rh4+ e4 39. h3 Kd3
0-1

[Event "2011 SC Site Championship, Pre Round, Round 2"]
[Site "SchemingMind.com"]
[Date "2010.11.08"]
[Round "2"]
[White "Marcel51"]
[Black "Number34"]
[Result "1/2-1/2"]
[WhiteCountry "FRA"]
[BlackCountry "USA"]
[WhiteElo "1997"]
[WhiteRD "98"]
[BlackElo "2368"]
[BlackRD "68"]
[GameID "266096"]

1. d4 Nf6 2. Nc3 g6 3. e4 d6 4. Nf3 Bg7 5. Be2 O-O 6. O-O Nbd7 7. e5 dxe5 8. dxe5 Ng4 9. e6 Nde5 10. exf7+ Nxf7
11. Bc4 Ne5 12. Nxe5 Qxd1 13. Rxd1 Bxe5 14. Re1 Kg7 15. Nb5 a6 16. Bxf7 Rxf7 17. Rxe5 axb5 18. Rxb5 Rf5 19. Rb4 Rd5 20. f3 Rd1+
21. Kf2 Kf7 22. Rf4+ Ke8 23. Rh4 h5 24. Rc4 Kd8 25. b3 Ra6 26. h3 Re6 27. Rc3 Ree1 28. Rd3+ Ke8 29. Rxd1 Rxd1 30. c4 h4
31. g3 hxg3+ 32. Kxg3 Rg1+ 33. Kf2 Rd1 34. h4 e5 35. a4 Kf7 36. a5 Bf5 37. b4 Be6 38. c5 c6 39. Ke3 Re1+ 40. Kd2 Rh1
41. b5 cxb5 42. c6 Bc8 43. cxb7 Bxb7= 44. a6 Bxf3 45. Bb2 Rh2+ 46. Ke3 Ba8 47. Bxe5 Rxh4 48. Bd4 Ke6 49. Rb1 Rh3+ 50. Kd2 Be4
51. Rb4 Rd3+ 52. Kc1 g5 53. Bc5 Bc6 54. Kb2 Ke5 55. a7 Rd2+ 56. Kb1 Rd8 57. Rg4 Rg8 58. Kc2 Bf3 59. Rb4 Bc6 60. Rg4 Kf5
61. Rg3 Ke6 62. Kb3 g4 63. Rd3 Bd5+ 64. Kb4 g3 65. Re3+ Kf5 66. Kxb5 g2 67. Re1 Ba8 68. Bg1 Kf4 69. Kb6 Rc8 70. Rd1 Kf3
71. Re1 Rc6+ 72. Kb5 Rc3 73. Re8 Bc6+ 74. Kb4 Rc1 75. Bd4 Bd5 76. Kb5 Rd1 77. Rf8+ Ke4=
1/2-1/2

[Event "2011 SC Site Championship, Pre Round, Round 2"]
[Site "SchemingMind.com"]
[Date "2010.11.12"]
[Round "2"]
[White "MARISCAL"]
[Black "thebirdolux"]
[Result "1/2-1/2"]
[WhiteCountry "ESP"]
[BlackCountry "USA"]
[WhiteElo "2290"]
[WhiteRD "96"]
[BlackElo "2441"]
[BlackRD "84"]
[GameID "266097"]

1. e4 c5 2. c3 Nf6 3. e5 Nd5 4. d4 cxd4 5. Nf3 Nc6 6. Bc4 Nb6 7. Bb3 d5 8. exd6 Qxd6 9. O-O Be6 10. Na3 dxc3
11. Bxe6 Qxe6 12. Nb5 Qd7 13. Qe2 Rc8 14. bxc3 a6 15. Rd1 Qe6 16. Qxe6 fxe6 17. Nbd4 Nxd4 18. cxd4 Nd5 19. Ng5 g6 20. Nxe6 Kf7
21. Re1 Bg7 22. Nxg7 Kxg7 23. Ba3 Kf7 24. Rac1 Rhd8 25. Kf1 b6 26. g3 e6 27. Ke2 Ke8 28. Kd3 Kd7 29. h4 a5=
1/2-1/2

[Event "2011 SC Site Championship, Pre Round, Round 2"]
[Site "SchemingMind.com"]
[Date "2010.11.06"]
[Round "2"]
[White "Mark_Noble"]
[Black "Boxofrogs"]
[Result "1-0"]
[WhiteCountry "NZL"]
[BlackCountry "ENG"]
[WhiteElo "2147"]
[WhiteRD "106"]
[BlackElo "1274"]
[BlackRD "111"]
[GameID "266098"]

1. e4 e5 2. Nf3 d6 3. d4 Nf6 4. Nc3 Nc6 5. Bb5 Bg4 6. d5 Qd7 7. dxc6 bxc6 8. Be2 O-O-O 9. Bg5 Be7 10. Qd3 Qe6
11. O-O-O Kd7 12. h3 h6 13. Bxf6 Qxf6 14. hxg4 c5 15. Nd5 c4 16. Nxf6+ gxf6 17. Qxc4 Rhf8 18. Qa4+ c6 19. Qxa7+ Ke8 20. Nh4 Rd7
21. Qa8+ Bd8 22. Qxc6 Ke7 23. Nf5+ Ke8 24. Bb5 Rh8 25. Qxd7+
1-0

[Event "2011 SC Site Championship, Pre Round, Round 2"]
[Site "SchemingMind.com"]
[Date "2010.11.06"]
[Round "2"]
[White "maro"]
[Black "ampp"]
[Result "1-0"]
[WhiteCountry "MEX"]
[BlackCountry "POR"]
[WhiteElo "1357"]
[WhiteRD "52"]
[BlackElo "1212"]
[BlackRD "61"]
[GameID "266099"]

1. d4 Nf6 2. Nc3 d5 3. Nf3 Bf5 4. Nh4 Bd7 5. e4 dxe4 6. d5 e6 7. dxe6 Bxe6 8. Qxd8+ Kxd8 9. Bd2 Nc6 10. O-O-O Bd6
11. Bg5 Ke7 12. Nxe4 h6 13. Bxf6+ gxf6 14. g3 Bd5 15. Rxd5 Rad8 16. Nf5+ Kd7 17. Nexd6 Ke6 18. Bc4 a6 19. Re5+ Kd7 20. Rd5 cxd6
21. Nxd6 Kc7 22. Re1 b5 23. Nxf7 Rxd5 24. Bxd5 Rb8 25. Re6 Rb6 26. Rxf6 a5 27. Rxh6
1-0

[Event "2011 SC Site Championship, Pre Round, Round 2"]
[Site "SchemingMind.com"]
[Date "2010.11.11"]
[Round "2"]
[White "Mekk"]
[Black "pawngrabber"]
[Result "1/2-1/2"]
[WhiteCountry "POL"]
[BlackCountry "ENG"]
[WhiteElo "1886"]
[WhiteRD "106"]
[BlackElo "1960"]
[BlackRD "82"]
[GameID "266100"]

1. e4 d6 2. d4 Nf6 3. Bd3 e5 4. c3 Be7 5. f4 Nbd7 6. Nf3 exd4 7. cxd4 O-O 8. O-O Nb6 9. Nc3 Bg4 10. Be3 c5
11. h3 Bxf3 12. Qxf3 c4 13. Bc2 Re8 14. e5 Nfd7 15. Qe4 Nf8 16. f5 dxe5 17. dxe5 Bf6 18. e6 fxe6 19. Bc5 exf5 20. Qxf5 Bd4+
21. Bxd4 Qxd4+ 22. Kh1 Qe5 23. Qf7+ Kh8 24. Qxb7 Nfd7 25. Qf3 Nf6 26. Rad1 Rad8 27. Rxd8 Rxd8 28. Rd1 Rxd1+ 29. Qxd1 Qe7 30. Qf3 Kg8
31. Kg1 Qe1+= 32. Qf1 Qd2 33. Qd1 Qxd1+ 34. Bxd1 Kf7 35. Kf2 Ke6 36. Ke3 Ke5 37. Bf3 Nfd5+ 38. Kd2 Nxc3 39. Kxc3 g6 40. g3 a5
41. h4 h6 42. Bc6 g5 43. Bb5 gxh4 44. gxh4 Kf5 45. Bxc4 Kg4 46. Be6+ Kxh4 47. b4 axb4+ 48. Kxb4 Kg5 49. Kb5 Kf6 50. Kxb6 Kxe6
51. a4 Kd7 52. Kb7 h5 53. a5 h4 54. a6 h3 55. a7 h2 56. a8=Q h1=Q+ 57. Ka7 Qxa8+ 58. Kxa8
1/2-1/2

[Event "2011 SC Site Championship, Pre Round, Round 2"]
[Site "SchemingMind.com"]
[Date "2010.11.11"]
[Round "2"]
[White "Mel"]
[Black "Zeidan"]
[Result "0-1"]
[WhiteCountry "USA"]
[BlackCountry "LBN"]
[WhiteElo "1621"]
[WhiteRD "114"]
[BlackElo "2156"]
[BlackRD "68"]
[GameID "266101"]

1. e4 e5 2. Nf3 Nc6 3. Bb5 a6 4. Ba4 Nf6 5. O-O b5 6. Bb3 Bc5 7. a4 Rb8 8. c3 d6 9. d4 Bb6 10. Ng5 O-O
11. h3 exd4 12. cxd4 Nxd4 13. Bf4 Nxb3 14. Qxb3 h6 15. e5 hxg5 16. Bxg5 dxe5 17. axb5 axb5 18. Qxb5 Bxf2+
0-1

[Event "2011 SC Site Championship, Pre Round, Round 2"]
[Site "SchemingMind.com"]
[Date "2010.11.09"]
[Round "2"]
[White "memet"]
[Black "Mitchell-in"]
[Result "0-1"]
[WhiteCountry "TUR"]
[BlackCountry "ENG"]
[WhiteElo "1690"]
[WhiteRD "78"]
[BlackElo "1868"]
[BlackRD "69"]
[GameID "266102"]

1. e4 g6 2. d4 Bg7 3. Nf3 d6 4. Nc3 Bg4 5. h3 Bxf3 6. Qxf3 Bxd4 7. Bb5+ c6 8. Bc4 e6 9. Bd2 Ne7 10. O-O O-O
11. Bh6 Bg7 12. Bxg7 Kxg7 13. Ne2 d5 14. exd5 exd5 15. Bd3 Nd7 16. Ng3 Ne5 17. Qd1 Nxd3 18. Qxd3 Qd7 19. Rfe1 Nf5 20. Re2 Nxg3
21. Qxg3 Rae8 22. Rae1 Rxe2 23. Rxe2 Re8 24. Rd2 Qe6 25. Qc3+ Qe5 26. Qb4 Qe1+ 27. Kh2 Qe5+ 28. g3 Qe7 29. Qd4+ Qe5 30. Qb4 Re7
31. c3 Qe1 32. Qf4 f6 33. h4 Qe5 34. Qf3 Qe4 35. Qd1 b6 36. h5 Qe1 37. hxg6 Qxd1 38. Rxd1 hxg6 39. Rd2 f5 40. f4 Kf6
41. Kg2 g5 42. fxg5+ Kxg5 43. Kf3 Re1 44. Rh2 Re7 45. Rh8 Kf6 46. Rh2 Ke5 47. Re2+ Kd6 48. Rh2 a5 49. Kf4 Rg7 50. b4 axb4
51. cxb4 Rg4+ 52. Kxf5 Rxb4 53. Rc2 Rb1 54. g4 Rf1+ 55. Kg6 d4 56. Rb2 d3 57. Rb3 Rf3 58. Rxb6 d2 59. Rb1 Rd3 60. Rd1 c5
61. Kf7 c4 62. g5 c3 63. g6 c2 64. Rg1 d1=Q 65. Rxd1 cxd1=Q
0-1

[Event "2011 SC Site Championship, Pre Round, Round 2"]
[Site "SchemingMind.com"]
[Date "2010.11.07"]
[Round "2"]
[White "mikewharvey"]
[Black "Ursus"]
[Result "1-0"]
[WhiteCountry "GBR"]
[BlackCountry "INT"]
[WhiteElo "1844"]
[WhiteRD "101"]
[BlackElo "1617"]
[BlackRD "87"]
[GameID "266103"]

1. c4 g6 2. Nc3 Bg7 3. g3 b6 4. Bg2 Nc6 5. Nf3 Bb7 6. O-O Nf6 7. Rb1 O-O 8. a3 d5 9. cxd5 Nxd5 10. d4 e6
11. e4 Nde7 12. e5 Nf5 13. Bf4 Ncxd4 14. Nxd4 Bxg2 15. Nxe6 Qxd1 16. Rfxd1 Bf3 17. Rd3 fxe6 18. Rxf3 Nd4 19. Rd3 c5 20. Kf1 Rad8
21. Rbd1 Rd7 22. Ne2 Rfd8 23. Bg5 Rf8 24. Nxd4 Rxd4 25. Rxd4 cxd4 26. Bf4 Rd8 27. Bg5 Rd5 28. f4 Kf7 29. Kf2 h6 30. Bh4 b5
31. b4 a6 32. Kf3 Bf8 33. Rd3 g5 34. fxg5 hxg5 35. Bxg5 Rxe5 36. Bf4 Rf5 37. Ke4 Bg7 38. g4 Rf6 39. h4 e5 40. Bg5 Rg6
41. Kf5 Rc6 42. Bd2 Re6 43. Ke4 Ke7 44. g5 Kf7 45. h5 Bf8 46. Rf3+ Ke7 47. g6 Ke8 48. Rg3 Re7 49. h6
1-0

[Event "2011 SC Site Championship, Pre Round, Round 2"]
[Site "SchemingMind.com"]
[Date "2010.11.07"]
[Round "2"]
[White "Milan"]
[Black "Zerstörer"]
[Result "1/2-1/2"]
[WhiteCountry "CZE"]
[BlackCountry "ITA"]
[WhiteElo "1835"]
[WhiteRD "74"]
[BlackElo "1900"]
[BlackRD "107"]
[GameID "266104"]

1. d4 d5 2. Nf3 Nf6 3. e3 e6 4. Bd3 c5 5. c3 Nc6 6. O-O Bd6 7. Nbd2 O-O 8. dxc5 Bxc5 9. e4 Qc7 10. Qe2 Bd6
11. Re1 Ne5 12. Nxe5 Bxe5 13. Nf3 Nxe4 14. Bxe4 dxe4 15. Nxe5 Qxe5 16. Qxe4 Qxe4 17. Rxe4 Rd8 18. Be3 b6 19. a4=
1/2-1/2

[Event "2011 SC Site Championship, Pre Round, Round 2"]
[Site "SchemingMind.com"]
[Date "2010.11.10"]
[Round "2"]
[White "Mitchell-in"]
[Black "jballinger44"]
[Result "1-0"]
[WhiteCountry "ENG"]
[BlackCountry "USA"]
[WhiteElo "1862"]
[WhiteRD "73"]
[BlackElo "1156"]
[BlackRD "70"]
[GameID "266105"]

1. e4 c5 2. Nc3 d6 3. f4 e5 4. Nf3 Bg4 5. Bb5+ Nc6 6. O-O a6 7. Bxc6+ bxc6 8. d3 Bxf3 9. Qxf3 Qf6 10. fxe5 Qxf3
11. Rxf3 dxe5 12. Be3 Nf6 13. Na4 Ng4 14. Bxc5 Bxc5+ 15. Nxc5 Rb8 16. b3 Rb6 17. Raf1 O-O 18. Nd7 Rb7 19. Nxf8 Kxf8 20. h3 Nf6
21. Kf2 h5 22. Ke3 Nd5+ 23. exd5 cxd5 24. Rf5 d4+ 25. Kd2 g6 26. Rxe5 Re7 27. Rxe7 Kxe7 28. c3 dxc3+ 29. Kxc3 f5 30. d4 Ke6
31. Re1+
1-0

[Event "2011 SC Site Championship, Pre Round, Round 2"]
[Site "SchemingMind.com"]
[Date "2010.11.07"]
[Round "2"]
[White "mochiron"]
[Black "Granny Gambit"]
[Result "0-1"]
[WhiteCountry "JPN"]
[BlackCountry "ENG"]
[WhiteElo "1465"]
[WhiteRD "70"]
[BlackElo "2101"]
[BlackRD "79"]
[GameID "266106"]

1. f4 d5 2. Nf3 Nf6 3. d4 e6 4. e3 c5 5. Bb5+ Bd7 6. a4 a6 7. Be2 Nc6 8. O-O Bd6 9. dxc5 Bxc5 10. Nc3 O-O
11. Bd2 Qc7 12. Bd3 Qxf4 13. Ne2 Bxe3+ 14. Bxe3 Qxe3+ 15. Kh1 e5 16. Ng3 e4 17. Re1 Qb6 18. Ng5 exd3 19. Qxd3 h6 20. Qd2 hxg5
21. Qxg5 Rae8 22. Rxe8 Rxe8 23. Rf1 Qxb2 24. Nh5 Nxh5 25. Qxh5 Ne5 26. h3 d4 27. Qf5 Bxf5
0-1

[Event "2011 SC Site Championship, Pre Round, Round 2"]
[Site "SchemingMind.com"]
[Date "2010.11.11"]
[Round "2"]
[White "Number34"]
[Black "Uzi Mike"]
[Result "1-0"]
[WhiteCountry "USA"]
[BlackCountry "USA"]
[WhiteElo "2368"]
[WhiteRD "68"]
[BlackElo "2258"]
[BlackRD "72"]
[GameID "266107"]

1. e4 e5 2. f4 d5 3. exd5 e4 4. d3 Nf6 5. dxe4 Nxe4 6. Nf3 Bc5 7. Qe2 f5 8. Be3 Bxe3 9. Qxe3 O-O 10. Nc3 Re8
11. O-O-O Ng3 12. Qxe8+ Qxe8 13. hxg3 Qe3+ 14. Kb1 Qc5 15. d6 cxd6 16. Rd5 Qc7 17. Ng5 Qc6 18. Bb5 Qc7 19. Rxh7 Qe7 20. Rh1
1-0

[Event "2011 SC Site Championship, Pre Round, Round 2"]
[Site "SchemingMind.com"]
[Date "2010.11.11"]
[Round "2"]
[White "Nut"]
[Black "Mekk"]
[Result "1-0"]
[WhiteCountry "USA"]
[BlackCountry "POL"]
[WhiteElo "2042"]
[WhiteRD "80"]
[BlackElo "1881"]
[BlackRD "105"]
[GameID "266108"]

1. e4 c5 2. Nf3 Nc6 3. d4 cxd4 4. Nxd4 Nf6 5. Nc3 e5 6. Ndb5 d6 7. Bg5 a6 8. Na3 b5 9. Nd5 Be7 10. Bxf6 Bxf6
11. c3 Bg5 12. Nc2 O-O 13. a4 bxa4 14. Rxa4 a5 15. Bc4 Rb8 16. b3 Kh8 17. Nce3 g6 18. h4 Bxh4 19. g3 Bg5 20. f4 exf4
21. gxf4 Bh4+ 22. Kd2 Bf2 23. Qe2 Bxe3+ 24. Qxe3 f5 25. b4 axb4 26. cxb4 fxe4 27. Qc3+ Ne5 28. Ke1 Rxf4 29. Nxf4 Qf6 30. Ra7 Nf3+
31. Kd1 Qxc3 32. Nxg6#
1-0